Каталог книжок про російсько-українську війну 2014 – вересень 2023 (Запис № 578068)

МАРК-запис
000 -Лідер
fixed length control field 00737 a2200205 4500
003 - Ідентифікатор контрольного номера
control field UA-OsUOA
005 - Дата та час останнього входження (трансакції)
control field 20250131140725.0
008 - Елементи даних фіксованої довжини – загальна інформація
fixed length control field 250131b un ||||| |||| 00| 0 ukr d
040 ## - Джерело каталогізації
Мова каталогізації ukr
Агенція, яка здійснювала перезапис UA-OsUOA
080 ## - Індекс Універсальної десяткової класифікації
Індекс Універсальної десяткової класифікації (УДК) (НП) 017
090 ## - Локальний шифр розміщення
Класифікаційний індекс УДК 017
Авторський знак (НП) К29
245 ## - Відомості про назву
Назва (НП) Каталог книжок про російсько-українську війну 2014 – вересень 2023
Дані про відповідальність (НП) Ганна Скоріна
260 ## - Публікація, розповсюдження і т.п. (Вихідні дані)
Місце публікації, розповсюдження і т.п. (П) К.
Ім’я/ наймення видавництва, розповсюджувача і т.п. (П) Білка
Дата публікації, розповсюдження і т.п. (П) 2023
300 ## - Фізичний опис
Обсяг 50 с.
650 ## - Додаткове предметне введення – тематичний термін
Тематичний термін чи географічна назва, як елемент введення (НП) 017 Каталоги загалом
9 (RLIN) 18614
700 1# - Додаткове введення – ім'я особи
Ім’я особи (НП) Скоріна Г.
9 (RLIN) 18615
942 ## - Додаткові елементи входу (Коха)
Тип елемента Koha Книги
Source of classification or shelving scheme Universal Decimal Classification
955 ## - Код типу видання за змістом
Код типу видання за змістом (НП) Довідкові видання
Фонди
Стан вилучень Стан втрат Джерело класифікації або схеми стелажів Стан уражень Не для кредиту Код колекції Постійне місце розташування Поточне розміщення Дата придбання Джерело придбання Вартість, звичайна ціна покупки Усього замовленно Повний номер виклику Штрих-код Дата останнього перегляду Вартість, ціна заміни Ціна ефективна від Тип елемента Koha
    Universal Decimal Classification     Колекція Шевчука Д. М. ЧЗ - Читальна зала ЧЗ - Читальна зала 31/01/2025 №06/29.01.2025 15.00   017 К29 168164 31/01/2025 15.00 31/01/2025 Книги
    Universal Decimal Classification     Колекція Романова М. С. ЧЗ - Читальна зала ЧЗ - Читальна зала 07/05/2025 №30/06.05.2025 15.00   017 К29 168575 07/05/2025 15.00 07/05/2025 Книги